| 000 | 00876nas a2200301 4500 | ||
|---|---|---|---|
| 001 | BR0804322 | ||
| 003 | BR-BrBNA | ||
| 005 | 20231205111811.0 | ||
| 007 | ta | ||
| 008 | 230509b bl.|||p| |||| 00| 00por d | ||
| 040 |
_aBR-BrBNA _bpor _cBiblioteca Nacional de Agricultura |
||
| 041 | _a(Pt) | ||
| 072 | _aL01; L73 | ||
| 100 | 1 | _aSilva, T.F. | |
| 100 | 1 | _aSilva, R.A. | |
| 100 | 1 | _aBotteon, R.C.C.M. | |
| 100 | 1 | _aBotteon, P.T.L. | |
| 100 | 1 | _aOliveira, B.C.R.S. | |
| 100 | 1 | _aRoier, E.C.R. | |
| 245 | 1 | _aFatores de manejo relacionados à ocorrência de mastite na região Sul Fluminense | |
| 650 | _aVACA | ||
| 650 | _aMAMITE | ||
| 650 | _aMANEJO | ||
| 650 | _aSUL FLUMINENSE | ||
| 773 | 0 |
_tA Hora Veterinária (Brazil) _xISSN 0101-9163 _g(Sep-Oct 2004), v. 24(141) p. 59-62 _wBR0804322 |
|
| 909 |
_a202311 _bLúcia _c55 _dLúcia Elande |
||
| 942 |
_2AGRIS _n0 _cANA |
||
| 999 |
_c194538 _d194538 |
||